000 00934nac a22002657a 4500
001 BR7311209
003 BR-BrBNA
005 20240105113631.0
008 230509b bl.|||m| |||| 00| 0 por d
040 _aBR-BrBNA
_bpor
_cBiblioteca Nacional de Agricultura
072 _aE30; L73
090 _a4150 BR7311209
110 1 _aCoordenacao do Combate a Febre Aftosa, Brasilia, DF (Brasil)
_92945
245 1 _aPlanos de trabalho e cronogramas de execucao para o ano de 1974 [Coordenacao do Combate a Febre Aftosa, Brasil]
260 3 _aBrasilia, DF (Brasil):
_c1973.
300 _a201 p.
490 _aPlanos de Trabalho e Cronogramas de Execucao - Coordenacao do Combate a Febre Aftosa (Brazil)
_v
_x
650 _aAFTOSA
650 _aERRADICACAO
650 _aPLANEJAMENTO ECONOMICO
650 _aRECURSO ECONOMICO
650 _aRECURSO HUMANO
909 _a202312
_bLúcia Elande
_c55
_dLúcia Elande
942 _2AGRIS
_n0
_cMS
999 _c264742
_d264742